[Event "Africa KCF Inv tt"]
[Site "Brakpan"]
[Date "2017.10.06"]
[Round "2.3"]
[White "Khumalo, Keith"]
[Black "Mayimbo, Clement"]
[Result "1-0"]
[WhiteElo "1790"]
[BlackElo "2053"]
[PlyCount "152"]
[EventDate "2017.10.05"]
[EventType "team-tourn"]
[EventRounds "7"]
[EventCountry "RSA"]
[SourceTitle "CBM 181 Extra"]
[Source "ChessBase"]
[SourceDate "2017.12.12"]
[SourceVersion "1"]
[SourceVersionDate "2017.12.12"]
[SourceQuality "1"]
[WhiteTeam "SA Emerging Players"]
[BlackTeam "Zambia"]
[WhiteTeamCountry "RSA"]
[BlackTeamCountry "ZAM"]

1. d4 d5 2. c4 c6 3. Nf3 Nf6 4. g3 dxc4 5. Bg2 Bf5 6. 0-0 Nbd7 7. Na3 Nb6 8. Ne5 e6 9. Naxc4 Nxc4 10. Nxc4 Be7 11. Qb3 Qc8 12. Na5 0-0 13. Qxb7 Qxb7 14. Nxb7 Be4 15. Bxe4 Nxe4 16. Bf4 g5 17. Bc1 Rab8 18. Na5 Rfc8 19. f3 Nd6 20. Rd1 c5 21. d5 exd5 22. Rxd5 Rb5 23. Bxg5 Bxg5 24. Rxg5+ Kf8 25. Nb3 c4 26. Rxb5 Nxb5 27. Nd2 c3 28. bxc3 Rxc3 29. Kf2 Rc2 30. Ke1 Nc3 31. a4 a5 32. Ra3 Rc1+ 33. Kf2 Nd1+ 34. Kg2 Rc2 35. Rd3 Nc3 36. Kf2 Nxa4 37. Ke3 Nb2 38. Rd8+ Ke7 39. Ra8 Nd1+ 40. Kd3 Rc3+ 41. Kd4 Rc2 42. Ra7+ Ke8 43. Ne4 Rxe2 44. Nd6+ Kf8 45. Rxf7+ Kg8 46. Ra7 Rxh2 47. Rxa5 Rd2+ 48. Ke5 Ne3 49. Ra8+ Kg7 50. Ne8+ Kg6 51. Ra6+ Kf7 52. Nd6+ Kg7 53. Ke6 h5 54. Ra7+ Kg6 55. Ra8 Rf2 56. Rg8+ Kh7 57. Rf8 Ra2 58. Rf7+ Kg6 59. f4 Re2 60. Rf6+ Kg7 61. Nf5+ Nxf5+ 62. Kxf5 Re3 63. Rg6+ Kh7 64. Kf6 Ra3 65. f5 Ra4 66. Kg5 h4 67. Rh6+ Kg7 68. Rxh4 Ra5 69. Rb4 Ra7 70. g4 Rf7 71. Rb6 Rc7 72. Rh6 Rc5 73. Re6 Rc7 74. Kh5 Rc1 75. Ra6 Rc5 76. Kg5 Rc7 1-0